00607 2200217 4500245006600000020002200066250001100088100002700099700002100126700002200147700001600169700002400185650001500209650002700224005001900251260005900270041001400329084001000343300002700353336000900380 aKamus Seni dan Industri KreatifcDiah Uswatun NurhayatihText a978-602-437-554-6 aCet. 1 aDiah Uswatun Nurhayati aM. Fajar Prasudi aTri Widi Rahmanto aEko Santosa aDina Alfiyanti Fasa aKamus Seni aKamus Industri Kreatif a20230411103414 aJakartabBadan Pengembangan Bahasa dan Perbukuanc2018 aIndonesia a413.1 aix, 134 hlm. :c22 cm. atext